000 00996 a2200241 4500
005 20260408163617.0
008 260408b |||||||| |||| 00| 0 eng d
020 _a9789326355919 (hbk)
037 _cTB
040 _aCRL
_cCRL
041 _2hin
_ahin
084 _aO152,1:g Q8
_qCRL
100 _aराय, अमिताभ
_9860667
245 _aसभ्यता की यात्रा अँधेरे में
260 _aनयी दिल्ली, भारत:
_bभारतीय ज्ञानपीठ,
_c2018.
300 _a131पृ.
365 _b250.00
_cINR
490 _aलोकोदय ग्रंथमाला: ग्रंथांक 1337
650 _aहिन्दी कविता
650 _aहिन्दी साहित्य
942 _cTB
_2CC
_hO152,1:g Q8
999 _c1466690
_d1466690